La resolución por incumplimiento: pacto comisorio y mora en los derechos civil y comercial

Պահպանված է:
Մատենագիտական մանրամասներ
Հիմնական հեղինակ: Ramella, Anteo E (Հեղինակ)
Ձևաչափ: Գիրք
Լեզու:իսպաներեն
Հրապարակվել է: Buenos Aires Astrea 1979
Խորագրեր:
Ցուցիչներ: Ավելացրեք ցուցիչ
Չկան պիտակներ, Եղեք առաջինը, ով նշում է այս գրառումը!

MARC

LEADER 00000nam a2200000 a 4500
001 UCS1399
003 CL-VaPUC
008 970509e19790000AG |||||||||||||||||spa|d
082 0 4 |a 346.077  |b RAM  |2 21 
100 0 |a Ramella, Anteo E  |e author  |9 385814 
245 1 3 |a La resolución por incumplimiento: pacto comisorio y mora en los derechos civil y comercial 
300 |a 363 p 
942 |c BK 
945 |d 19970509 00:00:00  |a paguirre 
260 |a Buenos Aires  |b Astrea  |c 1979 
650 0 |a Derecho civil  |9 255013 
650 7 |a MORA  |2 CL-VaPUC  |9 259692 
650 0 |a Deudor y acreedor  |9 256643 
650 0 |a Obligaciones   |9 255578 
650 0 |a Contratos  |9 255153 
583 |a last modification  |c 19970509 00:00:00  |k Rodrigo Vera 
999 |c 259492  |d 259490 
952 |0 0  |1 0  |4 0  |6 346_077000000000000_RAM_1979  |7 0  |8 A  |9 284243  |a BIBDER  |b BIBDER  |d 2019-11-19  |i 184816K  |o 346.077 RAM 1979  |p 184816K  |r 2023-01-25  |w 2019-11-19  |y BK  |k DER